The five lives of our cat Zook
As ten-year-old Oona and her younger brother conspire to break their sick cat Zook out of the veterinary clinic, Oona tells the story of Zook's previous lives.
Enregistré dans:
| Auteur principal: | |
|---|---|
| Autres auteurs: | |
| Format: | Livre |
| Langue: | English |
| Publié: |
New York
Amulet Books
2012.
|
| Sujets: | |
| Tags: |
Ajouter un tag
Pas de tags, Soyez le premier à ajouter un tag!
|
| Thư viện lưu trữ: | Mạng thư viện Đại học Đà Nẵng |
|---|
| LEADER | 01476nam a2200361 4500 | ||
|---|---|---|---|
| 001 | 000024636 | ||
| 003 | 21124 | ||
| 005 | 20161215151216.0 | ||
| 008 | 161215s2012 engsd | ||
| 020 | |a 9781419701924 | ||
| 041 | 0 | |a eng | |
| 082 | 0 | 0 | |a 813.6 |b RO-J |
| 100 | 1 | |a Rocklin, Joanne |q (Laura Ann) | |
| 245 | 1 | 4 | |a The five lives of our cat Zook |c Joanne Rocklin |
| 260 | |a New York |b Amulet Books |c 2012. | ||
| 300 | |a 218 p. |c 20 cm. | ||
| 520 | 3 | |a As ten-year-old Oona and her younger brother conspire to break their sick cat Zook out of the veterinary clinic, Oona tells the story of Zook's previous lives. | |
| 650 | 1 | |a Cats |v Fiction. | |
| 650 | 1 | |a Family life |v Fiction. | |
| 653 | |a Fiction | ||
| 700 | 1 | |d 1978- |d 1906-1998. |d 1952- |d 1974- | |
| OWN | |a LSP | ||
| AVA | |a UDN50 |b LSP |d 813.6 RO-J |e available |t Error 5001 Not defined in file expand_doc_bib_avail. |f 2 |g 0 |h N |i 0 |k 1 | ||
| AVA | |a UDN50 |b LSP |c References |d 813.6 RO-J |e available |t Error 5001 Not defined in file expand_doc_bib_avail. |f 2 |g 0 |h N |i 1 |j TK |k 1 | ||
| 999 | |a From the UDN01 | ||
| AVA | |a UDN50 |b LSP |d 813.6 RO-J |e available |t Error 5001 Not defined in file expand_doc_bib_avail. |f 2 |g 0 |h N |i 0 |k 1 | ||
| AVA | |a UDN50 |b LSP |c References |d 813.6 RO-J |e available |t Error 5001 Not defined in file expand_doc_bib_avail. |f 2 |g 0 |h N |i 1 |j TK |k 1 | ||
| TYP | |a Monograph | ||
| TYP | |a Printed language | ||
| 980 | |a Mạng thư viện Đại học Đà Nẵng | ||


